Дело по отношению Санкт-Петербургской городской думы о доставлении процентного сбора за Дом дирекции императорских театров

Доступно только в Электронных читальных залах Найти на картеНа карте
RUSMARC
00003759nmc2a22000003x 450
001297961f2-169e-4fd5-9f5f-d522797a2ec3
00520181225183009.0
100##$a20170703l18461846k l0rusy0189 ca
1010#$arus
102##$aRU
2001#$aДело по отношению Санкт-Петербургской городской думы о доставлении процентного сбора за Дом дирекции императорских театров
$j5-11 декабря 1846 г.
251##$cДело
300##$aПо Санкт-Петербургской дирекции за 1846 год
300##$aДело
801#0$aRU
$bРГИА
$c20170703
$gRCR
801#1$aRU
$bГлавНИВЦ
$c20170703
$2rusmarc
801#2$aRU
$bПБ им. Б.Н. Ельцина
$c20181225
$gRCR
$2rusmarc
850##$aРГИА
852##$aРГИА
$eФедеральное казенное учреждение "Российский государственный исторический архив" (РГИА)
$j10928
937##$hРГИА
$d12247114
$aASBIBLIO_SCAN
462#0$1001dd3991dc-24e1-42ec-8838-ca4255420416
$12001
$a1746-1850 гг.
$1251
$cОпись
$1852
$j1
461#0$10019264ebf8-de62-4f1a-9eb4-9f22098dbbd5
$12001
$aДирекция императорских театров МИДв
$1251
$cФонд
$1852
$j497
215##$a5 л.
$d36,5х26 см
371##$aДокумент не является опубликованным и широко распространяемым
105##$ay###
1222#$ad
035##$a297961f2-169e-4fd5-9f5f-d522797a2ec3
856##$uhttp://readingroom.main.prlib.ru/item.aspx?id_node=n122354145&mode=full
Формат отображения